Separát štatistickej ročenky školstva SR 2013 ostatné výchovno-vzdelávacie zariadenia

Enregistré dans:
Détails bibliographiques
Format: Livre
Langue:slovaque
Publié: Bratislava Ústav informácií a prognóz školstva 2014
Sujets:
Tags: Ajouter un tag
Pas de tags, Soyez le premier à ajouter un tag!

MARC

LEADER 00000nam a2200000 4500
001 0184703
005 20251212071527.2
041 0 |a slo 
044 |a SK 
245 1 0 |a Separát štatistickej ročenky školstva SR 2013  |b ostatné výchovno-vzdelávacie zariadenia 
264 1 |a Bratislava  |b Ústav informácií a prognóz školstva  |c 2014 
300 |a 86 s. 
610 2 0 |a Slovensko 
610 2 0 |a školstvo 
610 2 0 |a zariadenia výchovné 
610 2 0 |a zariadenia školské